000 00749cam a22002413a 4500
001 20320
003 PGUSA
005 20140828083429.0
008 070109s2007||||xxu|||||s|||||000 1 eng d
040 _aPGUSA
_beng
042 _adc
050 4 _aPZ
100 1 _aHemyng, Bracebridge,
_d1841-1901
245 1 0 _aJack Harkaway's Boy Tinker Among The Turks :
_bBook Number Fifteen in the Jack Harkaway Series
_h[electronic resource] /
_cBracebridge Hemyng
260 _bProject Gutenberg,
_c2007
506 _aPublic domain in the USA.
516 _aElectronic text
653 _aAdventure stories
653 _aTurkey -- Juvenile fiction
830 0 _aProject Gutenberg
_v20320
856 4 0 _uhttp://www.gutenberg.org/ebooks/20320
942 _cEB
999 _c249575
_d249575